[Event "Madrid Villaverde op 10th"]
[Site "Madrid"]
[Date "2009.03.31"]
[Round "6"]
[White "Alarcon Miranda, Jorge"]
[Black "Cortijo Manso, Luis"]
[Result "1-0"]
[WhiteElo "2070"]
[BlackElo "1696"]
[PlyCount "39"]
[EventDate "2009.03.23"]
[EventType "swiss"]
[EventRounds "8"]
[EventCountry "ESP"]
[SourceTitle "CBM 129 Extra"]
[Source "ChessBase"]
[SourceDate "2009.05.05"]
[SourceVersion "2"]
[SourceVersionDate "2009.05.20"]
[SourceQuality "1"]

1. d4 Nf6 2. Nf3 g6 3. Nc3 Bg7 4. e4 d6 5. Be2 a6 6. 0-0 0-0 7. h3 b6 8. Qd3 Bb7 9. Bg5 Nbd7 10. a4 a5 11. Qe3 Re8 12. e5 Nd5 13. Nxd5 Bxd5 14. c4 Bb7 15. e6 Nf6 16. d5 c6 17. exf7+ Kxf7 18. Bh6 cxd5 19. Ng5+ Kg8 20. Qe6+ 1-0